00979nam a2200253 a 4500001000400000003001000004005001700014008004100031020001800072040002500090080001600115090001600131245019500147260003400342300002400376504003600400650002900436650002500465700004600490700004400536942001200580952012000592999001300712440BR-CuiBMT20231106222027.0231106s2019 spba 001 0 por d a9788592749200 aBR-CuiBMTcBR-CuiBMT 22007a349.3 a349.3bP9441 aPrevidência e reforma em debate :bestudos multidisciplinares sob a perspectiva do regime próprio /cAlexandre Manir Figueiredo Sarquis , Ana Cristina Moraes Warpechowski, organizadores. aSão Paulo :bLualri,c2019. a275 p.:bil.c23 cm aInclui índice e bibliografia. aDireito previdenciário aPrevidência social 4org.aSarquis, Alexandre Manir Figueiredo 4org.aWarpechowski, Ana Cristina Moraes 2udccLV 00102udc4070aBIBTCEMTbBIBTCEMTd2019-11-11l0o349.3 P944pBIBTCEMT23110181r2023-11-06tEx. 1w2023-11-06yLV c440d440